| 000 | 00860nam a22002294a 4500 | ||
|---|---|---|---|
| 005 | 20050328093435.0 | ||
| 008 | 030821s2004 wiua 001 0deng | ||
| 010 | _aENG-92408 | ||
| 020 |
_a9788180435321 _c400.00 |
||
| 035 | _aEN-75941 | ||
| 037 | _bDBAD / PUB | ||
| 040 |
_adpl _bEnglish |
||
| 082 | _a880.8 | ||
| 100 | _aPaul, S.K. | ||
| 245 |
_aGrammar and language in Elizabethan and romantic literature / _cby S.K. Paul |
||
| 260 |
_aVaranasi _bManish Parakashan _c2007 |
||
| 270 |
_aPlot No. 26, Rohit Nagar, BHU _bVaranasi _e221005 |
||
| 300 |
_a224p. _c23cm (Hb) |
||
| 500 | _aIncludes bibliographical references | ||
| 942 |
_2ddc _cEN _mPAU _h880.8 |
||
| 999 |
_c20780 _d20780 |
||